| 000 | 00445cam a2200193ua 4500 | ||
|---|---|---|---|
| 001 | 7534 | ||
| 008 | 141212n ii |||gr||||Z||||||eng | ||
| 020 | _a8172014333 | ||
| 040 | _cMAIN | ||
| 041 | _aeng | ||
| 082 | _a920 | ||
| 100 |
_aSen, A., _eAuthor. |
||
| 245 | 1 |
_aBishnu Dey _cBy Arun Sen |
|
| 250 | _a1st. | ||
| 260 |
_aNew Delhi: _bSahitya akademi, _c1993. |
||
| 300 | _a122p. | ||
| 653 | _aBiography, genealogy & insignia | ||
| 942 | _cBK | ||
| 999 |
_c6657 _d6657 |
||